| 000 | 004990000a22001930004500 | ||
|---|---|---|---|
| 001 | 001722 | ||
| 003 | MACL | ||
| 005 | 20151015133823.0 | ||
| 008 | 151015b xxu||||| |||| 00| 0 eng d | ||
| 040 |
_aMACL _cMACL |
||
| 041 | _aEnglish | ||
| 082 | _a920.71/YAD | ||
| 100 |
_aYadav, Ankur _914997 |
||
| 245 |
_aGenetic Demography _bA Case Study Of Raj Gond Tribe _cAnkur Yadav |
||
| 260 |
_aDelhi _c2005 _bAcademic Excellence, |
||
| 350 | _a300 | ||
| 650 |
_aBiography _914998 |
||
| 942 |
_k921 _cBK _2ddc |
||
| 999 |
_c13639 _d13639 |
||